| 000 | 00648nam a2200217 i 4500 | ||
|---|---|---|---|
| 003 | DO-SdBNP | ||
| 005 | 20230626074712.0 | ||
| 006 | a||||gr|||| 00| 0 | ||
| 007 | ta | ||
| 008 | 230623n dr ||||| |||| 00| e spa d | ||
| 040 |
_aDO-SdBNP _bspa _cBNPHU _erda |
||
| 082 | 4 |
_222 _bS714j |
|
| 100 | 1 |
_937980 _aSoriano, Germán |
|
| 245 | 1 | 3 |
_aEl jefe: _bprimer capítulo de un ensayo. / _cGerman Soriano. |
| 264 |
_aCiudad Trujillo : _bDominicana, C. por A., _c[sin fecha] |
||
| 300 |
_a123 páginas ; _c24 cm. |
||
| 336 |
_2rdaconten _atexto _btxt |
||
| 337 |
_2rdamedia _asin medición _bnc |
||
| 338 |
_2rdacarrier _avolumen _bnc |
||
| 942 |
_2ddc _cLBS1 |
||
| 999 |
_c53923 _d53923 |
||